00777cam a2200205 a 450000100100000000500170001000800410002702000150006804000230008308200150010610000580012124500950017926000350027430000330030965000340034291000340037691000300041095201160044099900150055600000152820200929145617.0730523r19711972cc 000 0 eng d a0582526027 aDO-SdBNPcDLCdDLC a807bM817t1 aMoody, H. L. B.q(Harold Leonard Birch),d1919-9502214aThe teaching of literature with special reference to developing countries /cH.L.B. Moody. aLondon :bLongman,c1971g1972 a[6], 112 p. :bil. ;c22 cm. 4aLiteraturaxEnseñanza95023 aCatalogación por copia / LC aJornada de catalogación 00105071aGRbGRcHDd2009-07-23e002344iLF1l0o807 M817tp1528-10r2020-06-25w2020-06-25y1ZNo se presta c1431d1431